Loading...
| Fine Arts - Classical Music | 0 | 5 | 0 | 0 | 50 | 35 | 56.00 | 2 | 5 | 26.96 | 45.83 |
| Literature - European | 0 | 5 | 0 | 0 | 50 | 59 | 78.40 | 2 | 2 | 21.40 | 35.91 |
| Science - Other | 0 | 4 | 0 | 0 | 40 | 15 | 61.00 | 2 | 4 | 21.17 | 35.00 |
| Science - Physics | 0 | 4 | 1 | 0 | 35 | 39 | 82.00 | 0 | 1 | 12.57 | 25.68 |
| Literature - World | 0 | 4 | 1 | 0 | 35 | 73 | 84.25 | 0 | 3 | 15.30 | 26.36 |
| Science - Chemistry | 0 | 3 | 0 | 0 | 30 | 63 | 81.00 | 0 | 0 | 10.18 | 16.67 |
| Literature - American | 0 | 3 | 1 | 0 | 25 | 45 | 89.00 | 0 | 2 | 11.17 | 20.00 |
| Literature - British | 0 | 3 | 2 | 0 | 20 | 73 | 87.33 | 0 | 2 | 11.53 | 24.17 |
| History - World | 0 | 1 | 0 | 0 | 10 | 117 | 117.00 | 0 | 0 | 1.14 | 5.00 |
| Popular Culture | 0 | 1 | 0 | 1 | 10 | 132 | 132.00 | 0 | 0 | 0.00 | 16.67 |
| History - Other | 0 | 0 | 1 | 0 | -5 | 0.00 | 0 | 0 | 0.00 | 0.00 |